| 000 | 00914cam a2200301 i 4500 | ||
|---|---|---|---|
| 001 | 200461690 | ||
| 003 | TR-AnTOB | ||
| 005 | 20240709151933.0 | ||
| 007 | ta | ||
| 008 | 240529s1994 tu 000 j tur d | ||
| 020 | _a9754944237 | ||
| 040 |
_aSULEY _beng _erda _cSULEY _dTR-AnTOB |
||
| 041 | 0 | _atur | |
| 050 | 1 | 4 |
_aPL248.I95 _bS573 1994 |
| 090 |
_aPL248.I95 _bS573 1994 |
||
| 100 | 1 |
_aİzgü, Muzaffer, _d1933-2017 _eauthor _932004 |
|
| 245 | 1 | 0 |
_aSıpa / _cMuzaffer İzgü. |
| 250 | _aİkinci basım : Haziran 1994. | ||
| 264 | 1 |
_aKavaklıdere, Ankara : _bBilgi Yayınevi, _c1994. |
|
| 300 |
_a190 pages ; _c19 cm |
||
| 336 |
_atext _btxt _2rdacontent |
||
| 337 |
_aunmediated _bn _2rdamedia |
||
| 338 |
_avolume _bnc _2rdacarrier |
||
| 490 | 0 |
_aBilgi Yayınları ; _v255 _aYeni mizah dizisi ; _v28 |
|
| 650 | 7 |
_aMizah öyküleri, Türk _2etuturkob _9145495 |
|
| 942 |
_2lcc _cBK |
||
| 999 |
_c200461690 _d79902 |
||